Most Recognized European Flags Quiz Stats

 Plays Quiz not verified by Sporcle

Also try: 'R'-Less States
Challenge
Share
Tweet
Embed
Score 0/25 Timer 01:30
0 Plays Today
Rank Country % Correct
3Germany
98.8%
1United Kingdom
96.3%
2France
93.9%
10Spain
92.7%
5Italy
89%
7Sweden
87.8%
8Ireland
84.1%
15Belgium
82.9%
11Norway
81.7%
13Denmark
81.7%
16Russia
81.7%
9Finland
76.8%
17Portugal
75.6%
Rank Country % Correct
19Iceland
74.4%
6Greece
73.2%
14Poland
72%
21Netherlands
72%
4Switzerland
65.9%
22Ukraine
62.2%
12Turkey
57.3%
23Czechia
53.7%
25Slovakia
47.6%
20Croatia
40.2%
18Cyprus
39%
24Albania
32.9%

You're not logged in!

Compare scores with friends on all Sporcle quizzes.
OR
Log In

You Might Also Like...

Show Comments

Extras

Top Quizzes Today


Score Distribution

Your Account Isn't Verified!

In order to create a playlist on Sporcle, you need to verify the email address you used during registration. Go to your Sporcle Settings to finish the process.

Report this User

Report this user for behavior that violates our Community Guidelines.

Details: